| 000 | 00750nam a22002175i 4500 | ||
|---|---|---|---|
| 001 | 168033 | ||
| 003 | ES-MaACL | ||
| 005 | 20260201063019.0 | ||
| 008 | 960320s1879 fr |||| | fre d | ||
| 040 |
_aCLM _bspa _cCCPB | SIC |
||
| 080 | _a544.11 | ||
| 100 | 1 |
_aWurtz, Adolphe, _d1817-1884 _9159349 |
|
| 245 | 1 | 3 |
_aLa théorie atomique / _cpar Ad. Wurtz. |
| 260 |
_aParis : _bLibraire Germer Bailliere et Cie., _c1879. |
||
| 300 |
_a248 p., [1] h. de lám. pleg. ; _c22 cm. |
||
| 490 | 1 |
_aBibliothèque scientifique internationale ; _v27 |
|
| 650 | 1 | 4 |
_aTeoría atómica. _9136921 |
| 830 | 0 |
_aBibliothèque scientifique internationale ; _v27 _9186949 |
|
| 852 |
_aES-MaACL _jF-14357 _z-- Enc. ed. en tela |
||
| 999 |
_c168033 _d168033 |
||